Business ethics : (Record no. 17952)

MARC details
000 -LEADER
fixed length control field 00997cam a22002775a 4500
005 - DATE AND TIME OF LATEST TRANSACTION
control field 20201128021017.0
008 - FIXED-LENGTH DATA ELEMENTS--GENERAL INFORMATION
fixed length control field 140122t2014 nyua frbd 001 0 eng d
020 ## - INTERNATIONAL STANDARD BOOK NUMBER
International Standard Book Number 1259060586
020 ## - INTERNATIONAL STANDARD BOOK NUMBER
International Standard Book Number 9781259060588
040 ## - CATALOGING SOURCE
Original cataloging agency EG-SsBUE
Language of cataloging eng
Transcribing agency EG-SsBUE
Modifying agency EG-SsBUE
082 04 - DEWEY DECIMAL CLASSIFICATION NUMBER
Classification number 174.4
Item number HAR
Edition number 22
100 1# - MAIN ENTRY--PERSONAL NAME
Personal name Hartman, Laura Pincus.
9 (RLIN) 1185
245 10 - TITLE STATEMENT
Title Business ethics :
Remainder of title decision making for personal integrity and social responsibility /
Statement of responsibility, etc Laura P. Hartman, Joe DesJardins, Chris MacDonald.
250 ## - EDITION STATEMENT
Edition statement 3rd ed., International ed.
260 ## - PUBLICATION, DISTRIBUTION, ETC. (IMPRINT)
Place of publication, distribution, etc New York :
Name of publisher, distributor, etc McGraw-Hill Irwin,
Date of publication, distribution, etc c.2014.
300 ## - PHYSICAL DESCRIPTION
Extent xv, 589 p. :
Other physical details ill. ;
Dimensions 24 cm.
500 ## - GENERAL NOTE
General note Index : p. 580-589.
500 ## - GENERAL NOTE
General note Glossary : p. 571-579.
504 ## - BIBLIOGRAPHY, ETC. NOTE
Bibliography, etc Includes bibliographical references.
590 ## - LOCAL NOTE (RLIN)
Local note doaa mohamed
650 #7 - SUBJECT ADDED ENTRY--TOPICAL TERM
9 (RLIN) 1146
Topical term or geographic name as entry element Business ethics.
Source of heading or term BUEsh
653 ## - INDEX TERM--UNCONTROLLED
Resource For college BAEPS, Business Administration
Arrived date list January2014
-- April2015
-- August 2016
700 1# - ADDED ENTRY--PERSONAL NAME
9 (RLIN) 1186
Personal name DesJardins, Joseph R.
700 1# - ADDED ENTRY--PERSONAL NAME
9 (RLIN) 34905
Personal name Macdonald, C. K.
942 ## - ADDED ENTRY ELEMENTS (KOHA)
Source of classification or shelving scheme Dewey Decimal Classification
Call number prefix 174.4 HAR
Holdings
Withdrawn status Item status Source of classification or shelving scheme Damaged status Not for loan Vendor Home library Current library Shelving location Date acquired Source of acquisition Total Checkouts Full call number Barcode Date last seen Date last borrowed Koha item type Total Renewals Cost, normal purchase price Cost, replacement price Materials specified (bound volume or other part) Serial Enumeration / chronology
    Dewey Decimal Classification     Baccah Central Library Central Library Lower Floor 22/01/2014   1 174.4 HAR 000035411 15/07/2025 26/01/2014 NB - Book (Non borrowing)          
    Dewey Decimal Classification     Baccah Central Library Central Library Lower Floor 22/01/2014   17 174.4 HAR 000035412 15/07/2025 17/02/2019 Book - Borrowing 35        
    Dewey Decimal Classification     Baccah Central Library Central Library Lower Floor 22/01/2014   11 174.4 HAR 000035413 15/07/2025 24/02/2019 Book - Borrowing 59        
    Dewey Decimal Classification     Baccah Central Library Central Library Lower Floor 22/01/2014   12 174.4 HAR 000035414 15/07/2025 22/02/2020 Book - Borrowing 80        
    Dewey Decimal Classification     Baccah Central Library Central Library Lower Floor 22/01/2014   16 174.4 HAR 000035415 15/07/2025 28/02/2022 Book - Borrowing 28        
    Dewey Decimal Classification     Baccah Central Library Central Library Lower Floor 09/04/2015   10 174.4 HAR 000037973 15/07/2025 12/04/2021 Book - Borrowing 34        
    Dewey Decimal Classification     Baccah Central Library Central Library Lower Floor 09/04/2015   9 174.4 HAR 000037974 15/07/2025 16/02/2019 Book - Borrowing 90        
    Dewey Decimal Classification     Baccah Central Library Central Library Lower Floor 09/04/2015   12 174.4 HAR 000037975 15/07/2025 19/02/2020 Book - Borrowing 117 270.00 337.50    
    Dewey Decimal Classification     Baccah Central Library Central Library Lower Floor 09/04/2015   9 174.4 HAR 000037976 15/07/2025 03/03/2022 Book - Borrowing 82 270.00 337.50    
    Dewey Decimal Classification     Baccah Central Library Central Library Lower Floor 09/04/2015   13 174.4 HAR 000037978 15/07/2025 27/02/2020 Book - Borrowing 47 270.00 337.50    
    Dewey Decimal Classification Damaged   Baccah Central Library Central Library Lower Floor 24/08/2016 Purchase 4 174.4 HAR 000033346 15/07/2025 05/02/2018 Book - Borrowing 2 480.00 600.00 BOX05 25136